header

Modern clan politics (Record no. 39427)

MARC details
000 -LEADER
fixed length control field 01735nam a2200421 a 4500
082 04 - DEWEY DECIMAL CLASSIFICATION NUMBER
Classification number 306.2/095845
100 1# - MAIN ENTRY--AUTHOR NAME
Personal name Schatz, Edward.
245 10 - TITLE STATEMENT
Title Modern clan politics
260 ## - PUBLICATION, DISTRIBUTION, ETC. (IMPRINT)
Place of publication Seattle, Wash. :
Name of publisher University of Washington Press,
Year of publication c2004.
300 ## - PHYSICAL DESCRIPTION
Number of Pages xiii, 250 p. :
Other physical details map.
505 0# - FORMATTED CONTENTS NOTE
Formatted contents note pt. 1. The reproduction of clans -- pt. 2. The political dynamic of informal ties -- pt. 3. Managing clans.
650 #0 - SUBJECT ADDED ENTRY--TOPICAL TERM
Topical Term Ethnology
Topical Term Kinship
Topical Term Clans
Topical Term Politics and culture
856 40 - ELECTRONIC LOCATION AND ACCESS
Uniform Resource Identifier http://site.ebrary.com/lib/rucke/Doc?id=10722688

No items available.

© 2026 Rongo University
Contact us: librarian | system librarian | Rongo university